Ludzie boiska i ludzie estrady Szkic do portretu socjologicznego

Bibliographic Details
Main Author: Ziemilski, Andrzej (Author)
Format: Book
Language:English
PhysicalDescription:156 s.
Published: Warszawa Panstwowe Wydawnictwo "Iskry" 1981
Edition:Wyd. 1.

MARC

LEADER 00000nam a2200000 a 4500
001 vtls008297638
003 SK-MaSNL
005 20260301122836.0
008 240315 000 0 eng
040 |a SNK  |b slo  |c SNK  |e AACR2 
100 1 |a Ziemilski, Andrzej  |4 aut  |9 468950 
245 1 |a Ludzie boiska i ludzie estrady  |b Szkic do portretu socjologicznego 
250 |a Wyd. 1. 
260 |a Warszawa  |b Panstwowe Wydawnictwo "Iskry"  |c 1981 
300 |a 156 s. 
999 |c 734293  |d 736223 
952 |a SNK  |b SNK  |y VYP  |7 0  |p 17A0483674  |o snkID 76286  |i snkV 609/82  |3 rekatalogizácia  |0 0  |1 0  |4 0  |d 2005-09-14  |l 0  |r 2026-02-23 22:40:03  |w 2026-02-23